000 00919nam a2200241 u 4500
001 000750929
003 AM-YeHGA
005 20250617143554.0
008 100715s1975 ru |||||r|||||000|0|rus|d
040 _aAM-YeHGA
041 0 _arus
100 1 _aГурин, Валерий Николаевич
245 1 0 _aХолинергические механизмы регуляции обменных процессов /
_cВ.Н. Гурин.
260 _aМинск :
_bБеларусь,
_c1975.
300 _a144 с. :
_bил. ;
_c20 см.
504 _aБиблиогр.: с. 131-142
650 1 4 _aМетаболические процессы
650 1 4 _aХолинергические нервные волокна
650 1 4 _aВысшая нервная деятельность
650 1 4 _aХолинергические средства
650 1 4 _aАуторегуляция
090 _c279093
999 _c277442
_d277442